00448nam a2200181Ia 4500003000400000005001700004008004000021020001800061040000700079041001200086082001900098100002100117245004800138260003100186300001000217650001900227700002000246OSt20250428101054.0210210b1995 xxu||||| |||| 00| 0 eng d a81 7201 802 9 cAL aEnglish a809.88914 SAHA aSAHITYA AKADEMI. aAnandavardhana: Makers of Indian literature aN DbSahitya Akademic1995 ax,119 aAnandavardhana aK Kunjunni Raja